| 000 | 00814nam a2200229Ii 4500 | ||
|---|---|---|---|
| 003 | JO-AjNU | ||
| 008 | 230605s9999||||xx |||||||||||||| ||und|| | ||
| 017 | _a2010/8/3144 | ||
| 020 | _a978-9957-11-918-8 | ||
| 040 |
_aJO-AjNU _bara _erda _cJO-AjNU |
||
| 041 | _aara | ||
| 050 | 1 | 4 | _aQA 76 .73 2011 |
| 100 | 3 |
_aالمفرجي، ناصر حسين/ م. مشارك جلنار محمد الجبوري الجبوري, _eauthor _931464 |
|
| 245 | 0 | 0 | _aبرمجة فيجول بيسك والوسائط المتعددة=visual basic and multimedia |
| 250 | _aط1 | ||
| 264 | 3 | 1 | _aعمان:دار وائل، 2011 |
| 300 | _a456ص | ||
| 336 |
_atext _btxt _2rdacontent |
||
| 337 |
_aunmediated _bn _2rdamedia |
||
| 338 |
_avolume _bnc _2rdacarrier |
||
| 650 | 4 |
_a بيسك(لغة برمجة كمبيوتر). _931465 |
|
| 999 |
_aA12588 _c16156 _d16156 |
||